Normal view MARC view

Entry Personal Name

Number of records used in: 2

001 - CONTROL NUMBER

  • control field: 34901

003 - CONTROL NUMBER IDENTIFIER

  • control field: dpl

005 - DATE AND TIME OF LATEST TRANSACTION

  • control field: 20110927104022.0

008 - FIXED-LENGTH DATA ELEMENTS

  • fixed length control field: 110927|||a|||||| | ||| d

040 ## - CATALOGING SOURCE

  • Original cataloging agency: dpl
  • Transcribing agency: dpl

100 ## - HEADING--PERSONAL NAME

  • Personal name: Yadav, Arun

670 ## - SOURCE DATA FOUND

  • Source citation: Work cat.: (dpl): Rapid digest to Delhi PG entrance examination to MD/MS/diploma courses /, 2001

670 ## - SOURCE DATA FOUND

  • Source citation: Work cat.: (dpl): Rapid digest to Delhi PG entrance examination to MD/MS/diploma courses /, 2001

© Delhi Public Library
Hit Counter
free hit counter